000 00634nas a2200229 4500
001 BR7000091
003 BR-BrBNA
005 20231205082307.0
007 ta
008 230509b bl.|||p| |||| 00| 00por d
040 _aBR-BrBNA
_bpor
_cBiblioteca Nacional de Agricultura
041 _a(Pt)
072 _aQ10
100 1 _aAlmeida, L. de
245 1 _aVinhaca: fonte de proteina
650 _aVINHACA
650 _aRESIDUO INDUSTRIAL
650 _aPROTEINA
773 0 _tBrasil Acucareiro (Brazil)
_xISSN 0006-9167
_g(Nov 1970), v. 76(5) p. 23-24
_wBR7000091
909 _a202311
_bLúcia
_c55
_dLúcia Elande
942 _2AGRIS
_n0
_cANA
999 _c90654
_d90654